#1 Hits of Year 2000 - Statistics

General Stats
  • This quiz has been taken 52 times
  • The average score is 8 of 18
Answer Stats
Song Singer % Correct
Smooth Santana
87%
Maria Maria Santana
87%
Say My Name Destiny's Child
84%
Independent Women Part I Destiny's Child
84%
What a Girl Wants Christina Aguilera
55%
Come on Over Baby (All I Want Is You) Christina Aguilera
55%
Music Madonna
55%
Thank God I Found You Mariah Carey
39%
With Arms Wide Open Creed
35%
It's Gonna Be Me 'N Sync
35%
Amazed Lonestar
32%
Try Again Aaliyah
29%
Bent Matchbox 20
29%
Doesn't Really Matter Janet Jackson
26%
I Knew I Loved You Savage Garden
26%
Everything You Want Vertical Horizon
19%
Be With You Enrique Iglesias
16%
Incomplete Sisqó
16%
No matching quizzes found
Score Distribution
Percent of People with Each Score
Percentile by Number Answered
Your Score History
You have not taken this quiz